LEADER 01026nam0-22003371i-450- 001 990003795820403321 005 20040517120218.0 010 $a0-08-018756-0 035 $a000379582 035 $aFED01000379582 035 $a(Aleph)000379582FED01 035 $a000379582 100 $a20030910d--------km-y0itay50------ba 101 0 $aita 105 $ay-------001yy 200 1 $aInterpersonal Communication$fKurt Danziger 210 $a1. ed. - New York$cPergamon Press$d1976 (rist. 1977) 215 $axxii, 238 p.$cfig.$d23 cm 225 1 $aPergamon general psychology series$f[edited by] Arnold P. Goldstein, Leonard Krasner$v53 610 0 $aComunicazione$aAspetti psicologici 610 0 $aInterazione$aAspetti psicosociali 676 $a302.2 676 $a302 700 1$aDanziger,$bKurt$0127834 801 0$aIT$bUNINA$gRICA$2UNIMARC 901 $aBK 912 $a990003795820403321 952 $a302.2 DAN 1$b1420$fBFS 959 $aBFS 996 $aInterpersonal Communication$9506471 997 $aUNINA LEADER 01122nam--2200361---450- 001 990000343380203316 010 $a0-8311-3050-4 035 $a0034338 035 $aUSA010034338 035 $a(ALEPH)000034338USA01 035 $a0034338 100 $a20010220d1994----km-y0itay0103----ba 101 $aeng 102 $aUS 105 $aa|||||||001yy 200 1 $aFundamental principles of manifacturing processes$fby Robert H.Todd and Dell K.Allen and Leo Alting 210 $aNew York$cIndustrial Press$dcopyr.1994 215 $aX, 164 p.$cill.$d26 cm 461 1$1001-------$12001 606 0 $aIndustria manifatturiera 676 $a670.42 700 1$aTODD,$bRobert H.$0162248 701 1$aALLEN,$bDell K.$0543054 912 $a990000343380203316 951 $a670.42 TOD$b15819 Ing.$c670.42$d00069363 959 $aBK 969 $aTEC 979 $aTAMI$b40$c20010220$lUSA01$h1558 979 $aTAMI$b40$c20010220$lUSA01$h1559 979 $c20020403$lUSA01$h1642 979 $aPATRY$b90$c20040406$lUSA01$h1624 996 $aFundamental principles of manifacturing processes$9878878 997 $aUNISA